| 000 | 01428cam a22003737a 4500 | ||
|---|---|---|---|
| 003 | CHAP | ||
| 005 | 20220329142348.0 | ||
| 008 | 000927d2000 mx b r 00110 spa d | ||
| 010 | _a82395 | ||
| 011 | _a83367 | ||
| 035 | _a93879 | ||
| 040 | _cCHAP | ||
| 090 | _aTesis | ||
| 100 | 0 | 0 |
_aSánchez Espinoza, José Francisco. _9107498 |
| 245 | 1 | 0 |
_aUso del suelo y evaluación de la aptitud de tierras en la comunidad indígena de Nuevo San Juan Parangaricutiro, Michoacán, México _c/por José Francisco Sánchez Espinoza |
| 260 |
_aChapingo, Méx. : _bEl autor, _c2000. |
||
| 300 |
_a155 h. : _bmapas ; cuads. |
||
| 502 | _aTesis (M.C. en Desarrollo Rural Regional) -- UACH. Dirección de Centros Regionales Universitarios | ||
| 590 |
_aALEPH _b10 _c20130110 _lUCH01 _h1437 |
||
| 590 |
_aBATCH-UPD _b10 _c20130110 _lUCH01 _h0759 |
||
| 590 |
_aBATCH-UPD _b10 _c20130410 _lUCH01 _h0438 |
||
| 590 |
_aBATCH-UPD _b10 _c20130914 _lUCH01 _h0008 |
||
| 590 |
_aCONVERSION _b10 _c20130109 _lUCH01 _h1346 |
||
| 650 | 1 | 4 |
_aAgricultura _xMichoacán. _91743 |
| 650 | 1 | 4 |
_aIndios de México _xAgricultura. _957623 |
| 650 | 1 | 4 |
_aIndios de Michoacán. _957618 |
| 650 | 1 | 4 |
_aTierras _xEvaluación. _9113113 |
| 650 | 1 | 4 |
_aTierras _xUtilización _xMichoacán. _9113240 |
| 901 | _aBK | ||
| 905 | _aEdna Luz | ||
| 942 | _cFOLL | ||
| 949 |
_aTesis _bBC _cTES _d33724000805958 _eTS2 _fc.2 _h37018 _i93879 _si |
||
| 949 |
_bBC _cTES _d938791 _eTS1 _h37017 _i93879 _sb |
||
| 999 |
_c82395 _d82395 |
||